| 000 | 00646nam a22001697a 4500 | ||
|---|---|---|---|
| 003 | OSt | ||
| 005 | 20171010095521.0 | ||
| 008 | 120816t xxu||||| |||| 00| 0 eng d | ||
| 040 |
_aMMSU _cULS |
||
| 100 |
_aMariano, Irma M. _912206 |
||
| 245 |
_aDemographic characteristics, work values, job characteristics and job satisfaction of the faculty of the Mariano Marcos State University _cIrma M. Mariano |
||
| 260 | _c1994 | ||
| 300 |
_axviii, 228 leaves _c28 cm. |
||
| 500 | _aThesis (Ed.D. Educational Management) -- Mariano Marcos State University-Graduate School, Laoag City | ||
| 504 | _aBibliography: leaves 131-144 | ||
| 942 |
_2ddc _cTHEDIS |
||
| 999 |
_c9765 _d9765 |
||